Nursing Knowledge. (Record no. 9734)

MARC details
000 -LEADER
fixed length control field 00325nam a22001217a 4500
008 - FIXED-LENGTH DATA ELEMENTS--GENERAL INFORMATION
fixed length control field 231117b |||||||| |||| 00| 0 eng d
082 ## - DEWEY DECIMAL CLASSIFICATION NUMBER
Classification number 610.73 WIL
100 ## - MAIN ENTRY--PERSONAL NAME
Personal name Wilson,Michael and MacDonald,Helen.
245 ## - TITLE STATEMENT
Title Nursing Knowledge.
260 ## - PUBLICATION, DISTRIBUTION, ETC.
Place of publication, distribution, etc. Victoria:
Name of publisher, distributor, etc. School of Nursing,
Date of publication, distribution, etc. 1998.
300 ## - PHYSICAL DESCRIPTION
Other physical details ills;
Dimensions 31.5 cm.
942 ## - Added entry Elements (Koha)
Source of classification or shelving scheme Dewey Decimal Classification
Holdings
Withdrawn status Lost status Source of classification or shelving scheme Damaged status Not for loan Collection code Home library Current library Shelving location Date acquired Serial Enumeration / chronology Total Checkouts Full call number Barcode Date last seen Price effective from Koha item type
    Dewey Decimal Classification     Main TEST RTC Library RTC Library Main opac 17/11/2023 177948   610.73 WIL 30018847 17/11/2023 17/11/2023 Main
Royal Thimphu College || All Right Reserved